Sports Quiz

Random Sports Quiz
Score 0/20 Timer 08:00
0 Plays Today
Number of appearances Answer % Correct
169Cristiano Ronaldo
99.1%
141Lionel Messi
98.3%
151Xavi
91.1%
177Iker Casillas
90%
141Ryan Giggs
89.7%
130Andres Iniesta
87.4%
124Paul Scholes
84.5%
112Thierry Henry
80.6%
119Zlatan Ibrahimovic
80.5%
142Raul
79.8%
Number of appearances Answer % Correct
124Sergio Ramos
79.7%
114Gerard Pique
79%
115Carles Puyol
74.5%
119Xabi Alonso
73.8%
123Gianluigi Buffon
70.8%
119Karim Benzema
66.3%
125Clarence Seedorf
60%
112Sergio Busquets
58.4%
112Phillips Lahm
44.6%
120Roberto Carlos
39.2%
Come Together.
Have Fun.
All Virtual.
We all need to come together. Play Sporcle's virtual live trivia to have fun, connect with people, and get your trivia on. Join a live hosted trivia game for your favorite pub trivia experience done virtually. If a virtual private party is more your thing, go here for details.

You're not logged in!

Compare scores with friends on all Sporcle quizzes.
OR
Log In

Sporcle TV

Today on Sporcle TV


Watch our educational content, quiz creation guides, and fun videos on Sporcle TV.

Show Comments

Extras

Top Quizzes Today


Score Distribution

Paid Content

Your Account Isn't Verified!

In order to create a playlist on Sporcle, you need to verify the email address you used during registration. Go to your Sporcle Settings to finish the process.

Report this User

Report this user for behavior that violates our Community Guidelines.

Details: